000 00442nam a2200157Ia 4500
005 20250304103316.0
008 231217s9999 xx 000 0 und d
020 _a9788131401491
082 _a658.83 PRA;1 R
100 _aPratha, Sarathy V ed.
245 0 _aMarketing to childern : concepts and experiences
260 _c2006
_bICFAI Press
_aHyderabad
300 _aviii, 217
650 _aMarketing,childern,experiences
942 _cAA
999 _c190744
_d190744